Journal of psychosocial research

Chiefly with reference to India.

Detalles Bibliográficos
Formato: Electrónico Seriadas
Lenguaje:inglés
Publicado: New Delhi : MD Publications, 2006-
Materias:
Acceso en línea:Full text available from Research Library: 07/01/2010 to present

MARC

LEADER 00000nas a2200000 a 4500
001 ssj0000559280
003 WaSeSS
005 20200512172242.0
006 m d
007 cr n
008 101119c20069999ii fr s 0 0eng
010 |a  2010325338 
022 |l 0973-5410  |y 0973-5410 
025 |a I-E-E-2010-325-338; 69-90 
035 |a (WaSeSS)ssj0000559280 
040 |a DLC  |b eng  |c DLC  |d OCLCQ  |d DLC  |d OCLCA  |d OCLCQ  |d OCLCF  |d OCLCO  |d OCLCA  |d WaSeSS 
042 |a pcc 
043 |a a-ii--- 
050 0 0 |a HM1001  |b .J6 
210 0 |a J. of psy. res. 
222 0 |a J. of psychosoc. res. 
245 0 0 |a Journal of psychosocial research  |h [electronic resource]. 
260 |a New Delhi :  |b MD Publications,  |c 2006- 
310 |a Semiannual 
362 1 |a Began in 2006. 
506 |a License restrictions may limit access. 
520 |a Chiefly with reference to India. 
588 |a Description based on: Vol. 4, no. 2 (July/Dec. 2009); title from cover. 
650 0 |a Social psychology  |z India  |v Periodicals. 
650 7 |a Social psychology.  |2 fast  |0 (OCoLC)fst01122816 
651 7 |a India.  |2 fast  |0 (OCoLC)fst01210276 
655 0 |a Electronic journals. 
850 |a DLC 
856 4 0 |z Full text available from Research Library: 07/01/2010 to present  |u https://search.proquest.com/publication/506336